|
|
|
|
| LEADER |
00951nam a22002651 4500 |
| 001 |
c000062405 |
| 003 |
CARM |
| 005 |
00000000000000.0 |
| 008 |
731207s1967 njuab b 00010 eng |
| 019 |
1 |
|
|a 677909
|z 57710875
|5 LACONCORD2021
|
| 035 |
|
|
|a (OCoLC)421288
|5 LACONCORD2021
|
| 043 |
|
|
|a s-pe---
|
| 050 |
0 |
0 |
|a F3429
|b .L18
|
| 100 |
1 |
|
|a Lanning, Edward P.
|
| 245 |
1 |
0 |
|a Peru before the Incas
|c [by] Edward P. Lanning.
|
| 260 |
|
|
|a Englewood Cliffs, N.J.,
|b Prentice-Hall
|c [1967]
|
| 300 |
|
|
|a 216 p.
|b illus., maps.
|c 21 cm.
|
| 490 |
0 |
|
|a A Spectrum book
|
| 504 |
|
|
|a Bibliography: p. 201-207.
|
| 650 |
|
0 |
|a Indians of South America
|z Peru
|x Antiquities.
|
| 651 |
|
0 |
|a Peru
|x Antiquities.
|
| 852 |
8 |
|
|b CARM
|h A2:AI22B0
|i B04500
|p 0204624
|f BK
|
| 082 |
0 |
4 |
|a 980.4/5
|
| 999 |
f |
f |
|i 2067f313-a44b-5601-853d-bcd1f1f5f479
|s 198cf562-e00b-55bb-a1d7-8919afd73d01
|
| 952 |
f |
f |
|p Can circulate
|a CAVAL
|b CAVAL
|c CAVAL
|d CARM 1 Store
|e B04500
|f A2:AI22B0
|h Other scheme
|i book
|m 0204624
|